000
00328nam a22001337a 4500
020
_a
978-0-521-73159-1
041
_a
ENG
100
_a
Jones .I.S.F
245
_a
Engineering Strategies For Greenhouse Gas Mitigation
260
_a
Delhi
_b
Cambridge Universty Press
_c
2011
300
_a
170
650
_a
FS
856
_u
FS ( 36 )
999
_c
854
_d
854